A beginner's guide to programming logic and design : (Record no. 6654)
[ view plain ]
| 000 -LEADER | |
|---|---|
| fixed length control field | 01245nam a22001938a 4500 |
| 020 ## - INTERNATIONAL STANDARD BOOK NUMBER | |
| ISBN | 9780538798457 |
| 020 ## - INTERNATIONAL STANDARD BOOK NUMBER | |
| ISBN | 0538798459 |
| 050 ## - CALL NUMBER | |
| Classification number | QA76.63 |
| Item number | .F22 |
| 100 1# - AUTHOR | |
| Personal name | Farrell, Joyce. |
| 245 12 - TITLE | |
| Title | A beginner's guide to programming logic and design : |
| Remainder of title | comprehensive / |
| Statement of responsibility, etc | by Joyce Farrell. |
| 250 ## - EDITION | |
| Edition statement | Sixth edition, International edition. |
| 260 ## - PUBLICATION INFORMATION | |
| Place of publication | [Australia] : |
| Name of publisher | Course Technology/Cengage Learning, |
| Year of publication | 2010. |
| 300 ## - DESCRIPTION | |
| Number of Pages | xxii, 692 pages : |
| Other physical details | illustrations ; |
| Dimensions | 24 cm. |
| 500 ## - NOTES | |
| General note | Includes index. |
| 505 ## - FORMATTED CONTENTS NOTE | |
| Table of Content | 1. An Overview of Computers and Logic. 2. Working with Data, Creating Modules, and Designing Quality Programs. 3. Understanding Structure. 4. Making Decisions. 5. Looping. 6. Arrays. 7. File Handling. 8. Advanced Array Manipulation. 9. Advanced Modularization Techniques. 10. Object-Oriented Programming. 11. Event-Driven Programming with Graphical Interface. 12. System Modeling with the UML. 13. Using Relational Databases. 14. Recursion. Appendix A. Flowchart Symbols. Appendix B. Structures. Appendix C. Understanding Numbering Systems and Computer Codes. Appendix D. Solving Difficult Structuring Problems. Appendix E. Creating Print Charts. |
| 650 #0 - SUBJECTS | |
| Topical Term | Logic programming. |
| 650 #0 - SUBJECTS | |
| Topical Term | Logic design. |
| 942 ## - ADDED ENTRY ELEMENTS (KOHA) | |
| Koha item type | Books |
| Withdrawn status | Lost status | Collection code | Home library | Current library | Shelving location | Date acquired | Source of acquisition | Full call number | Accession Number | Koha item type |
|---|---|---|---|---|---|---|---|---|---|---|
| Reference | Methodist University Library Main | Methodist University Library Main | General Stacks | 07/05/2019 | Purchased from EPP Book | QA76.63 .F22 | 7768 | Books | ||
| Reference | Methodist University Library Main | Methodist University Library Main | General Stacks | 07/05/2019 | Purchased from EPP Book | QA76.63 .F22 | 7769 | Books |